Bachelor emner i matematikk, UiO - Statistics

General Stats
  • This quiz has been taken 7 times
  • The average score is 10 of 24
Answer Stats
Hint Answer % Correct
MAT1100 Kalkulus
100%
MAT1120 Lineær algebra
100%
MAT2250 Diskret matematikk
50%
MAT2100 Elementær reell analyse
50%
MAT2500 Geometri
50%
MAT2200 Grupper, ringer og kropper
50%
MAT2410 Innføring i kompleks analyse
50%
MAT3360 Innføring i partielle differensiallikninger
50%
MAT1110 Kalkulus og lineær algebra
50%
MAT3420 Kvanteberegning
50%
MAT3100 Lineær optimering
50%
MAT1050 Matematikk for anvendelser 1
50%
MAT1060 Matematikk for anvendelser 2
50%
MAT2000 Prosjektarbeid i matematikk
50%
MAT2400 Reell analyse
50%
MAT1140 Strukturer og argumenter
50%
MAT3500 Topologi
50%
MAT3055 Arbeidspraksis, Matematisk institutt
0%
MAT3440 Dynamiske systemer
0%
MAT3110 Innføring i numerisk analyse
0%
MAT3400 Lineær analyse med anvendelser
0%
MAT-INF3600 Matematisk logikk
0%
MAT-INF1100 Modellering og beregninger
0%
MAT-IN1105 Programmering, modellering og beregninger
0%
No matching quizzes found
Score Distribution
Percent of People with Each Score
Percentile by Number Answered
Your Score History
You have not taken this quiz